00387nam a2200145Ia 4500003000400000005001700004008004100021020001800062040000900080082001800089100002300107245006200130260004000192300000900232OSt20200615123623.0190216s9999||||xx |||||||||||||| ||und|| a9788170332664 coclc a301.01bTUR/S aTurner, Jonathan H 4aThe Structure Of Sociological Theory /cJonathan H Turner bRawat Publications,aJaipur:c2005. a478p